NHL GMS - Statistics

General Stats
  • This quiz has been taken 52 times
    5 since last reset
  • The average score is 18 of 32
Answer Stats
TEAM GM % Correct
FLORIDA PANTHERS BILL ZITO
100%
NEW YORK RANGERS CHRIS DRURY
100%
BOSTON BRUINS DON SWEENY
100%
DALLAS STARS JIM NILL
100%
PITTSBURGH PENGUINS KYLE DUBAS
100%
DETROIT RED WINGS STEVE YZERMAN
100%
NASHVILLE PREDATORS BARRY TROTZ
75%
MINNESOTA WILD BILL GUERIN
75%
MONTREAL CANADIENS KENT HUGHES
75%
CHICAGO BLACKHAWKS KYLE DAVIDSON
75%
SAN JOSE SHARKS MIKE GRIER
75%
ANAHEIM DUCKS PAT VERBEEK
75%
EDMONTON OILERS STAN BOWMAN
75%
NEW JERSEY DEVILS TOM FITZGERALD
75%
TORONTO MAPLE LEAFS BRAD TRELLIVING
50%
COLORADO AVALANCHE CHRIS MACFARLAND
50%
COLUMBUS BLUE JAKCETS DON WADDELL
50%
ST LOUIS BLUES DOUG ARMSTRONG
50%
CAROLINA HURRICANES ERIC TULSKY
50%
BUFFALO SABRES JARMO KEKALAINEN
50%
TAMPA BAY LIGHTNING JULIEN BRISEBOIS
50%
NEW YORK ISLANDERS MATHIEU DARCHE
50%
UTAH HOCKEY CLUB BILL ARMSTRONG
25%
CALGARY FLAMES CRAIG CONROY
25%
VEGAS GOLDEN KNIGHTS KELLY MCCRIMMON
25%
VANCOUVER CANUCKS PATRIK ALLVIN
25%
SEATTLE KRAKEN RON FRANCIS
25%
OTTAWA SENATORS STEVE STAIOS
25%
WASHINGTON CAPITALS CHRIS PATRICK
0%
PHILADELPHIA FLYERS DANIEL BIERRE
0%
WINNIPEG JETS KEVIN CHEVALDAYOFF
0%
LOS ANGELES KINGS ROB BLAKE
0%
No matching quizzes found
Score Distribution
Percent of People with Each Score
Percentile by Number Answered
Your Score History
You have not taken this quiz since the last reset